Refrigeration: theory and applications

Պահպանված է:
Մատենագիտական մանրամասներ
Հիմնական հեղինակ: Venemann, H. G (Հեղինակ)
Ձևաչափ: Գիրք
Լեզու:անգլերեն
Հրապարակվել է: Chicago Nickerson & Collins 1946
Հրատարակություն:2a. ed
Խորագրեր:
Ցուցիչներ: Ավելացրեք ցուցիչ
Չկան պիտակներ, Եղեք առաջինը, ով նշում է այս գրառումը!

MARC

LEADER 00000nam a2200000 a 4500
001 UCV3719
003 CL-VaPUC
008 910715e19460000US |||||||||||||||||eng|d
082 0 4 |a 621.567  |b VEN  |2 21 
100 0 |a Venemann, H. G  |e author  |9 298032 
245 1 0 |a Refrigeration: theory and applications 
250 |a 2a. ed 
300 |a 336 p 
942 |c BK 
945 |d 19910715 00:00:00 
260 |a Chicago  |b Nickerson & Collins  |c 1946 
650 0 |a Refrigeración  |9 259343 
583 |a last modification  |c 19910715 00:00:00  |k Rodrigo Vera 
999 |c 210857  |d 210855 
952 |0 0  |1 0  |4 0  |6 621_567000000000000_VEN_1946  |7 0  |8 A  |9 187792  |a BIBALI  |b BIBALI  |c GEN  |d 2019-11-14  |i 2553198  |o 621.567 VEN 1946  |p 2553198  |r 2025-01-20  |w 2019-11-14  |y BK  |k ALI